00703nam a22001937a 4500999001900000005001700019010001500036020002600051035001400077037000900091082001200100100002500112245007300137260003600210270007900246300003400325942002600359952012400385 c185665d18566520220208094623.0 aENG-131450 a9789178245355c795.00 aEN-114982 bDBAD a355.424 aTrautmann, Thomas R. aElephants and Kings:bAn Environmental History/cThomas R. Trautmann aRanikhetbPermanent Blackc2015 aHimalayana Mall Road, Ranikhet CanttbRanikhete263645mperblack@gmail.com axiii, 374p.bIndexc22cm(pbk) 2ddccENh355.424mTRA 001040708NFICaBL1bBL1d2022-02-08eDBAD/PUBg795.00l0o355.424 TRApEN-114982r2022-02-08 00:00:00t1v795.00yEN